[Event "Tournoi Skype 023A"]
[Site "Skype"]
[Date "????.??.??"]
[Round "2.34"]
[White "Bhandari, Dattatrey"]
[Black "Chavero, Victor"]
[Result "1-0"]
[WhiteElo "1381"]
[BlackElo "1565"]
[PlyCount "77"]

1. e4 d6 2. a3 g6 3. d4 Bg7 4. c3 Bd7 5. h3 Qc8 6. Bc4 e6 7. Nf3 Ne7 8. Be3 c6
9. Ba2 O-O 10. Qd2 d5 11. Bh6 dxe4 12. Bxg7 Kxg7 13. Ng5 f5 14. Qf4 Kh8 15.
Qe5+ Kg8 16. Nxe6 Rf7 17. Nc7 Nd5 18. Nxa8 Na6 19. c4 Re7 20. Qd6 Re6 21. Qg3
e3 22. O-O e2 23. Re1 f4 24. Qf3 Ne3 25. Bb3 Nxg2 26. Qxg2 f3 27. Qg3 c5 28.
Qxf3 Bc6 29. d5 Qxa8 30. dxc6 Rxc6 31. Qd5+ Kg7 32. Rxe2 Rc7 33. Nc3 Qc8 34.
Re6 Rd7 35. Qe5+ Kh6 36. h4 Nc7 37. Qg5+ Kg7 38. Re7+ Kf8 39. Qf6+ 1-0

[Event "Tournoi Skype 023A"]
[Site "Skype"]
[Date "????.??.??"]
[Round "3.1"]
[White "Martinez Quintero, Javier"]
[Black "Benson, Paul"]
[Result "0-1"]
[WhiteElo "1779"]
[BlackElo "2021"]
[PlyCount "72"]

1. d4 f5 2. c4 Nf6 3. Nc3 d6 4. Bg5 e6 5. e4 fxe4 6. Nxe4 Be7 7. Nxf6+ Bxf6 8.
Be3 O-O 9. Bd3 Nc6 10. Qh5 g6 11. Bxg6 hxg6 12. Qxg6+ Bg7 13. Bh6 Qf6 14. Qxf6
Rxf6 15. Bxg7 Kxg7 16. Ne2 e5 17. d5 Ne7 18. f3 b5 19. b3 bxc4 20. bxc4 Rb8 21.
Kf2 Ba6 22. Rab1 Rxb1 23. Rxb1 Bxc4 24. Rb7 Nxd5 25. Rxa7 Rf7 26. Ng3 Nc3 27.
a4 d5 28. Ke1 Bb3 29. a5 d4 30. h4 Bd5 31. Ra6 e4 32. Nh5+ Kf8 33. fxe4 Nxe4
34. Rg6 d3 35. Ng3 d2+ 36. Ke2 Rf2+ 0-1

[Event "Tournoi Skype 023A"]
[Site "Skype"]
[Date "????.??.??"]
[Round "3.2"]
[White "Silva, Rodrigo De Souza"]
[Black "Saponara, Jose Maria"]
[Result "1-0"]
[WhiteElo "1897"]
[BlackElo "1779"]
[PlyCount "103"]

1. e4 c6 2. d4 d5 3. Nc3 dxe4 4. Nxe4 Nd7 5. Ng5 Ngf6 6. Bd3 h6 7. Ne6 Qb6 8.
Nxf8 Nxf8 9. c3 Ng6 10. Bxg6 fxg6 11. Nf3 Bg4 12. h3 Bxf3 13. Qxf3 Qb5 14. a4
Qc4 15. Qg3 Qe6+ 16. Be3 Ne4 17. Qe5 Kf7 18. O-O Nd6 19. Qxe6+ Kxe6 20. Rfe1
Kd7 21. Bf4 Rhf8 22. Bg3 g5 23. Re2 Rf7 24. Rae1 Raf8 25. b3 Nf5 26. Kh2 Nxg3
27. Kxg3 h5 28. f3 h4+ 29. Kf2 g4 30. hxg4 h3 31. Re3 hxg2 32. Kxg2 Re8 33. Kg3
e6 34. f4 Ree7 35. f5 exf5 36. Rxe7+ Rxe7 37. Rxe7+ Kxe7 38. gxf5 Kf6 39. Kf4
a5 40. c4 b6 41. Ke4 Kf7 42. Ke5 Ke7 43. d5 cxd5 44. cxd5 Kd7 45. d6 Kd8 46.
Ke6 Ke8 47. d7+ Kd8 48. Kf7 Kxd7 49. Kxg7 Kc6 50. f6 b5 51. f7 bxa4 52. bxa4
1-0

[Event "Tournoi Skype 023A"]
[Site "Skype"]
[Date "????.??.??"]
[Round "3.3"]
[White "Ibarra Cantu, Raul Alberto"]
[Black "Pena, Eduin"]
[Result "1-0"]
[WhiteElo "1892"]
[BlackElo "1764"]
[PlyCount "73"]

1. c4 Nf6 2. Nc3 d5 3. cxd5 Nxd5 4. e4 Nb4 5. d4 c5 6. d5 e6 7. a3 N4a6 8. Bb5+
Bd7 9. dxe6 fxe6 10. Bxd7+ Nxd7 11. Qg4 Qf6 12. Bg5 Qf7 13. Nf3 h6 14. Bh4 Nf6
15. Bxf6 gxf6 16. e5 f5 17. Qa4+ Qd7 18. Qxd7+ Kxd7 19. O-O-O+ Kc6 20. Nd2 Rg8
21. g3 Nc7 22. Nc4 b6 23. Rd3 Nd5 24. Nxd5 exd5 25. Ne3 d4 26. Ng2 Re8 27. f4
Kd5 28. Rhd1 a5 29. Ne3+ Ke6 30. Nc4 Be7 31. Nxb6 Rb8 32. Nc4 Rb7 33. Nxa5 Rb5
34. Nc4 Ra8 35. Kc2 Ra4 36. b3 Rxa3 37. Nxa3 1-0

[Event "Tournoi Skype 023A"]
[Site "Skype"]
[Date "????.??.??"]
[Round "3.4"]
[White "Calcino, Luis"]
[Black "Altinok, Selim"]
[Result "0-1"]
[WhiteElo "1714"]
[BlackElo "1834"]
[PlyCount "75"]

1. e4 c6 2. Nf3 d5 3. Nc3 dxe4 4. Nxe4 Bf5 5. Ng3 Bg4 6. Be2 Nf6 7. h3 Bxf3 8.
Bxf3 e6 9. d4 Bd6 10. Ne4 Nxe4 11. Bxe4 Nd7 12. Qf3 O-O 13. c3 Re8 14. O-O Qc7
15. Bc2 c5 16. Qd3 Nf8 17. Be3 Rad8 18. Rfd1 cxd4 19. cxd4 Qa5 20. Qe2 Nd7 21.
Bd2 Bb4 22. Bf4 Nf6 23. a3 Bd6 24. b4 Qh5 25. Qxh5 Nxh5 26. Be3 Nf6 27. Ba4 Re7
28. Bg5 Bc7 29. Rac1 h6 30. Bxf6 gxf6 31. Bb3 Bf4 32. Rc3 Red7 33. Rcd3 Be5 34.
d5 Bb2 35. Bc2 exd5 36. Rxd5 Rxd5 37. Rxd5 Rxd5 38. a4 0-1

[Event "Tournoi Skype 023A"]
[Site "Skype"]
[Date "????.??.??"]
[Round "3.5"]
[White "Ortega, Elvis"]
[Black "Altinok, Kerim"]
[Result "1/2-1/2"]
[WhiteElo "1712"]
[BlackElo "1822"]
[PlyCount "78"]

1. d4 d5 2. c4 e6 3. Nc3 Nf6 4. Bg5 Nbd7 5. cxd5 exd5 6. e3 c6 7. Bd3 Be7 8.
Nf3 Ne4 9. Bxe7 Qxe7 10. Qc2 Ndf6 11. h3 Bf5 12. g4 Bg6 13. Ne2 Qb4+ 14. Kf1
Nd6 15. Bxg6 hxg6 16. Kg2 Nc4 17. Rhb1 O-O 18. a3 Qe7 19. Qd3 Ne4 20. Nf4 g5
21. Nh5 g6 22. Ng3 Kg7 23. Nxe4 Nxb2 24. Rxb2 dxe4 25. Qd1 exf3+ 26. Qxf3 Rad8
27. a4 Rd7 28. a5 Rc8 29. Rab1 Rcc7 30. a6 b6 31. Rc2 c5 32. Rbc1 cxd4 33. Rxc7
Rxc7 34. Rxc7 Qxc7 35. exd4 Qc4 36. Qb7 Qxd4 37. Qxa7 Qd5+ 38. Kg1 Qd1+ 39. Kh2
Qd6+ 1/2-1/2

[Event "Tournoi Skype 023A"]
[Site "Skype"]
[Date "????.??.??"]
[Round "3.6"]
[White "Segura Lozano, Marcos Antonio"]
[Black "Grosso, Raul"]
[Result "0-1"]
[WhiteElo "1804"]
[BlackElo "1700"]
[PlyCount "70"]

1. d4 Nf6 2. c4 c5 3. d5 b5 4. cxb5 a6 5. Nc3 g6 6. e4 d6 7. Be2 Bg7 8. h3 O-O
9. Nf3 axb5 10. Bxb5 Ba6 11. Nd2 Bxb5 12. Nxb5 Qa5 13. Nc3 Qa6 14. Qe2 Nbd7 15.
O-O Ne5 16. Qxa6 Rxa6 17. f4 Nd3 18. Rf3 Ne1 19. Rf1 Nc2 20. Rb1 Nd7 21. Rf3
Rb8 22. b3 Bd4+ 23. Kh2 Ne1 24. Rf1 Bxc3 25. Rxe1 Rxa2 26. Rd1 Nf6 27. e5 dxe5
28. Nc4 e4 29. d6 exd6 30. Rxd6 Bd4 31. Bd2 Nh5 32. b4 Rc2 33. Rc1 Rxc1 34.
Bxc1 Rxb4 35. Nb6 Rb1 0-1

[Event "Tournoi Skype 023A"]
[Site "Skype"]
[Date "????.??.??"]
[Round "3.7"]
[White "Siret, Bernard"]
[Black "Rugman, Dan"]
[Result "1-0"]
[WhiteElo "2045"]
[BlackElo "1664"]
[PlyCount "61"]

1. d4 Nf6 2. g4 Nxg4 3. e4 d5 4. Be2 Nxf2 5. Kxf2 dxe4 6. Nc3 Bf5 7. Be3 e6 8.
Kg2 Qh4 9. Qe1 Qxe1 10. Rxe1 Nc6 11. Nh3 h6 12. Nf2 O-O-O 13. Ncxe4 Nxd4 14.
Bd3 Be7 15. c3 Nc6 16. Bb5 Bh4 17. Bxc6 bxc6 18. Bxa7 Bxf2 19. Kxf2 Bxe4 20.
Rxe4 Rd2+ 21. Re2 Rhd8 22. Bd4 Rxe2+ 23. Kxe2 e5 24. Be3 f5 25. Rd1 Rxd1 26.
Kxd1 Kd7 27. Ke2 g5 28. a4 f4 29. Bc5 e4 30. Bf8 h5 31. Bh6 1-0

[Event "Tournoi Skype 023A"]
[Site "Skype"]
[Date "????.??.??"]
[Round "3.8"]
[White "Sanchez, Carlos"]
[Black "Deville, Olivier"]
[Result "0-1"]
[WhiteElo "1744"]
[BlackElo "1965"]
[PlyCount "104"]

1. e4 c5 2. Nf3 d6 3. d4 Nf6 4. Nc3 cxd4 5. Nxd4 Nc6 6. Bg5 e6 7. Bxf6 Qxf6 8.
Ndb5 Qd8 9. Qd2 a6 10. Nd4 Bd7 11. Be2 Be7 12. a4 O-O 13. O-O Rc8 14. Kh1 Ne5
15. f4 Nc4 16. Bxc4 Rxc4 17. Nf3 Qc7 18. Qe1 b5 19. axb5 axb5 20. Qe3 b4 21.
Ra7 Qd8 22. Qd3 Rc5 23. Na4 Bb5 24. Qd2 Bxf1 25. Nxc5 dxc5 26. Rd7 Qe8 27. Ne5
Bf6 28. Ng4 Bxb2 29. e5 Bb5 30. Rd6 Qe7 31. c4 bxc3 32. Qc2 Qh4 33. h3 h5 34.
Nf2 Qxf4 35. Ne4 Qc1+ 36. Qxc1 Bxc1 37. Nxc3 Bc4 38. Na4 Be3 39. Nb6 Bd5 40.
Nd7 Rc8 41. Nb6 Rc7 42. Rd8+ Kh7 43. Nd7 Rxd7 44. Rxd7 c4 45. Rxf7 c3 46. Rc7
Bd2 47. Kg1 Be4 48. g4 hxg4 49. hxg4 c2 50. Kf2 c1=Q 51. Rxc1 Bxc1 52. Ke2 Bf4
0-1

[Event "Tournoi Skype 023A"]
[Site "Skype"]
[Date "????.??.??"]
[Round "3.9"]
[White "Engstrom, Olle"]
[Black "Karia, Vijay"]
[Result "0-1"]
[WhiteElo "1749"]
[BlackElo "1761"]
[PlyCount "48"]

1. d4 d5 2. c4 c6 3. Nf3 Nf6 4. Nc3 e6 5. Bg5 Nbd7 6. e3 Qa5 7. cxd5 Nxd5 8.
Rc1 Nxc3 9. bxc3 Qxa2 10. Bd3 Qa5 11. O-O Bd6 12. e4 e5 13. Qc2 O-O 14. Ra1 Qc7
15. Bh4 Re8 16. Bg3 h6 17. Rfe1 a6 18. Nh4 Be7 19. Nf5 Bf6 20. Qe2 Qb6 21. Reb1
Qa7 22. Bc4 exd4 23. Bxf7+ Kxf7 24. Qc4+ Kg6 0-1

[Event "Tournoi Skype 023A"]
[Site "Skype"]
[Date "????.??.??"]
[Round "3.10"]
[White "Rico Hernandez, Edgar"]
[Black "Junqueira, Leonardo De Faria"]
[Result "1-0"]
[WhiteElo "1981"]
[BlackElo "1487"]
[PlyCount "71"]

1. d4 Nf6 2. c4 e5 3. dxe5 Ng4 4. Nf3 Nc6 5. e3 Ngxe5 6. Be2 Be7 7. Nc3 Bb4 8.
O-O Bxc3 9. bxc3 O-O 10. Nd4 d6 11. Rb1 Rb8 12. f4 Nxd4 13. cxd4 Nc6 14. Bf3
Bd7 15. Qd3 f5 16. Bd5+ Kh8 17. Ba3 b6 18. Bf3 Qf6 19. Bb2 Qg6 20. Rfc1 Rbd8
21. Qc3 Qf6 22. Qa3 Na5 23. Qb4 Qe7 24. Qc3 Qf7 25. d5 Qe7 26. Re1 Rg8 27. e4
Qf7 28. e5 dxe5 29. fxe5 Rde8 30. e6 Bxe6 31. dxe6 Rxe6 32. Rxe6 Qxe6 33. Bd5
Qe7 34. Bxg8 Kxg8 35. Re1 Qc5+ 36. Kh1 1-0

[Event "Tournoi Skype 023A"]
[Site "Skype"]
[Date "????.??.??"]
[Round "3.11"]
[White "Hilton, Stephen"]
[Black "Yeter, Orhan"]
[Result "1-0"]
[WhiteElo "1880"]
[BlackElo "1615"]
[PlyCount "71"]

1. Nf3 Nf6 2. c4 d5 3. g3 g6 4. Bg2 Bg7 5. O-O c6 6. d3 O-O 7. Nbd2 Bg4 8. Rb1
Nbd7 9. cxd5 cxd5 10. h3 Bf5 11. Nd4 e6 12. Nxf5 exf5 13. Nf3 Nh5 14. Be3 Re8
15. Bd4 Bxd4 16. Nxd4 Qb6 17. e3 f4 18. Bxd5 fxe3 19. fxe3 Ndf6 20. Qf3 Rad8
21. Bb3 Qd6 22. g4 Qg3+ 23. Qxg3 Nxg3 24. Rxf6 Rxe3 25. Rxf7 Kh8 26. Kf2 Rxd3
27. Ne6 Ne4+ 28. Kg1 Rg3+ 29. Kh2 Rd2+ 30. Kh1 Rxh3+ 31. Kg1 Rg3+ 32. Kf1 h5
33. Rc1 Nd6 34. Rf8+ Kh7 35. Rc7+ Kh6 36. Rh8# 1-0

[Event "Tournoi Skype 023A"]
[Site "Skype"]
[Date "????.??.??"]
[Round "3.12"]
[White "L'Herbon De Lussats, Jean"]
[Black "Lambert, Pierre"]
[Result "0-1"]
[WhiteElo "1614"]
[BlackElo "1868"]
[PlyCount "68"]

1. e4 c5 2. Bc4 e6 3. Nc3 Nc6 4. Nf3 d6 5. d4 cxd4 6. Nxd4 a6 7. O-O Nf6 8. b4
Nxb4 9. Rb1 Nc6 10. Bg5 Be7 11. Qd2 O-O 12. Rfe1 Qc7 13. Nf3 Rd8 14. a4 Rb8 15.
Bd3 h6 16. Bf4 e5 17. Bg3 Be6 18. h3 Rdc8 19. Be2 Na5 20. Nd5 Bxd5 21. exd5
Qxc2 22. Qxa5 Bd8 23. Qb4 Rc5 24. Rb2 Qf5 25. Nh4 Qc8 26. f4 Ba5 27. Qb3 Rc3
28. Qa2 Rxg3 29. Rf1 Qxh3 30. Bf3 Qxh4 31. fxe5 Qd4+ 32. Kh2 Qxe5 33. Rc2 Rxf3+
34. Kg1 Rxf1+ 0-1

[Event "Tournoi Skype 023A"]
[Site "Skype"]
[Date "????.??.??"]
[Round "3.13"]
[White "Lopez, Jose Luis"]
[Black "Kruk, Clementine"]
[Result "1-0"]
[WhiteElo "1865"]
[BlackElo "1594"]
[PlyCount "55"]

1. e4 e5 2. Nf3 Nc6 3. Bc4 Bc5 4. c3 Nf6 5. d4 exd4 6. cxd4 Bb4+ 7. Nc3 h6 8.
O-O O-O 9. e5 Bxc3 10. exf6 Ba5 11. fxg7 Kxg7 12. d5 Ne7 13. Qd4+ Kh7 14. d6
cxd6 15. b4 Bxb4 16. Bd3+ Ng6 17. Qxb4 Qf6 18. Bb2 Qe6 19. Rfe1 Qd5 20. Qc3 Rg8
21. Re8 Qxd3 22. Qxd3 Rxe8 23. Qxd6 Re6 24. Qd4 f6 25. Re1 Rxe1+ 26. Nxe1 Ne5
27. f4 Ng4 28. h3 1-0

[Event "Tournoi Skype 023A"]
[Site "Skype"]
[Date "????.??.??"]
[Round "3.14"]
[White "Yardimci, Ertan"]
[Black "Ricieri, Vinicius"]
[Result "1/2-1/2"]
[WhiteElo "1554"]
[BlackElo "1831"]
[PlyCount "77"]

1. d4 Nf6 2. Nf3 g6 3. c4 Bg7 4. Nc3 d5 5. Bf4 O-O 6. e3 c5 7. dxc5 dxc4 8.
Qxd8 Rxd8 9. Bxc4 Bg4 10. Ng5 Rf8 11. h3 Bc8 12. O-O Nbd7 13. Rfd1 h6 14. Nf3
Nxc5 15. Rac1 b6 16. Nd5 Nxd5 17. Bxd5 Bb7 18. Bxb7 Nxb7 19. Rc7 Nc5 20. Rxe7
Ne6 21. Be5 Rfe8 22. Rxe8+ Rxe8 23. Bxg7 Kxg7 24. Rd7 a6 25. Rd6 Rb8 26. Kf1
Nc5 27. b3 Ne4 28. Rc6 Rd8 29. Ke2 Rd6 30. Rc4 Nc5 31. Nd4 Kf6 32. b4 Na4 33.
a3 b5 34. Rc2 Nb6 35. Ra2 Ke5 36. Nf3+ Kf6 37. Nd4 Ke5 38. Nf3+ Kf6 39. Nd4
1/2-1/2

[Event "Tournoi Skype 023A"]
[Site "Skype"]
[Date "????.??.??"]
[Round "3.15"]
[White "Khunte, Aniruddha"]
[Black "Dal, Ibrahim"]
[Result "0-1"]
[WhiteElo "1550"]
[BlackElo "1809"]
[PlyCount "86"]

1. e4 c6 2. d4 d5 3. Nc3 dxe4 4. Nxe4 Nd7 5. Nf3 Ngf6 6. Qe2 Nxe4 7. Qxe4 Nf6
8. Qe3 Bf5 9. Bd3 Nd5 10. Qe2 Bxd3 11. Qxd3 e6 12. Bd2 Nb4 13. Qb3 Qd5 14. Qxd5
cxd5 15. Bxb4 Bxb4+ 16. c3 Bd6 17. O-O b5 18. Ne5 Bxe5 19. dxe5 Kd7 20. Rfd1
Rhc8 21. Rac1 a5 22. b3 a4 23. bxa4 Rxa4 24. Rb1 Rc5 25. Rd4 Rxa2 26. Rdb4 Rc2
27. g3 Kc6 28. Kg2 R2xc3 29. Ra1 R3c4 30. Rb2 d4 31. Ra6+ Kb7 32. Rba2 Rxe5 33.
Ra7+ Kb6 34. R2a6+ Kc5 35. Rc7+ Kb4 36. Rxf7 d3 37. Ra2 Rc2 38. Ra1 d2 39. Rb1+
Ka5 40. Ra1+ Kb6 41. Rfa7 Rc1 42. Ra8 Rxa1 43. Rxa1 Re1 0-1

[Event "Tournoi Skype 023A"]
[Site "Skype"]
[Date "????.??.??"]
[Round "3.16"]
[White "Diaz, Jose Garcia"]
[Black "Levantini, Claudio"]
[Result "1-0"]
[WhiteElo "1749"]
[BlackElo "1532"]
[PlyCount "67"]

1. e4 Nf6 2. Nc3 d5 3. e5 d4 4. exf6 dxc3 5. fxg7 cxd2+ 6. Bxd2 Bxg7 7. c3 Nc6
8. Nf3 Bg4 9. Qa4 Bxf3 10. gxf3 Qd5 11. O-O-O O-O-O 12. Qg4+ Kb8 13. Qxg7 Rhg8
14. Qh6 Qxf3 15. Bb5 Ne5 16. Qe3 Qd5 17. Be2 Qxa2 18. Qxe5 Rd5 19. Qe4 Rgd8 20.
Bc4 Qa1+ 21. Qb1 Qxb1+ 22. Kxb1 Rxd2 23. Kc1 Rxd1+ 24. Rxd1 Rxd1+ 25. Kxd1 f6
26. h4 c5 27. Bd3 h6 28. b3 Kc7 29. Ke2 Kd6 30. Ke3 e5 31. Ke4 a6 32. Kf5 b5
33. c4 a5 34. cxb5 1-0

[Event "Tournoi Skype 023A"]
[Site "Skype"]
[Date "????.??.??"]
[Round "3.17"]
[White "Perrone, Gabriel Lorenzo"]
[Black "Murgia, Stefano"]
[Result "0-1"]
[WhiteElo "1523"]
[BlackElo "1728"]
[PlyCount "76"]

1. d4 f5 2. c4 Nf6 3. Nf3 e6 4. Nc3 Be7 5. Bg5 O-O 6. e3 Qe8 7. Bd3 d6 8. O-O
h6 9. Bxf6 Bxf6 10. e4 e5 11. exf5 exd4 12. Nd5 Na6 13. Nxf6+ Rxf6 14. Nxd4 Nc5
15. Bc2 a5 16. a3 a4 17. b4 axb3 18. Nxb3 Nxb3 19. Bxb3 Bxf5 20. c5+ Kh8 21.
cxd6 Rxd6 22. Qf3 Be4 23. Rfe1 Bxf3 24. Rxe8+ Rxe8 25. gxf3 Rd3 26. Bc2 Rxf3
27. a4 Re2 28. Bg6 Rfxf2 29. Rd1 Rg2+ 30. Kf1 Rd2 31. h4 Rxd1+ 32. Kxg2 Ra1 33.
Be4 b6 34. Bc6 Kg8 35. Kf3 Kf7 36. Ke4 Ke6 37. Kd4 Kd6 38. Bb5 c6 0-1

[Event "Tournoi Skype 023A"]
[Site "Skype"]
[Date "????.??.??"]
[Round "3.18"]
[White "Vasquez, Oscar"]
[Black "Vello, Pablo"]
[Result "1-0"]
[WhiteElo "1716"]
[BlackElo "1517"]
[PlyCount "157"]

1. c4 Nf6 2. Nc3 e6 3. Nf3 d5 4. cxd5 exd5 5. g3 Bf5 6. Bg2 Nc6 7. d4 Qc8 8.
O-O Nb4 9. Bg5 Be7 10. a3 Nc6 11. Bxf6 Bxf6 12. Nxd5 Bd8 13. Re1 Be4 14. Nc3
Bxf3 15. Bxf3 O-O 16. e4 a6 17. Rc1 Qd7 18. d5 Ne5 19. Bg2 Rc8 20. Qd4 Bf6 21.
Qe3 Nc4 22. Qe2 Ne5 23. Qh5 Rcd8 24. Red1 Qg4 25. Qxg4 Nxg4 26. h3 Ne5 27. b4
Nc4 28. Nb1 Nb2 29. Rd2 Be5 30. Rdc2 Nd3 31. Rd1 Nb2 32. Rdd2 Na4 33. Kf1 Rc8
34. Bf3 g5 35. Bg4 Rcd8 36. Kg2 b5 37. Rc6 Ra8 38. Bf5 Nb2 39. Nc3 Nc4 40. Rc2
Bd6 41. Re2 Ne5 42. Rxd6 cxd6 43. f4 gxf4 44. gxf4 Nc4 45. Ra2 Kg7 46. Nb1 Ne3+
47. Kf3 Nxf5 48. exf5 Kf6 49. Nd2 h6 50. Ne4+ Kxf5 51. Nxd6+ Kf6 52. a4 bxa4
53. Rxa4 Rfd8 54. Ne4+ Kg6 55. Ra5 h5 56. Nd2 Rd6 57. Ne4 Rb6 58. Ra4 Rd8 59.
d6 f5 60. Nd2 Rdxd6 61. Nc4 Rd3+ 62. Ke2 Rxb4 63. Rxb4 Rxh3 64. Rb6+ Kg7 65.
Rxa6 Rh2+ 66. Kf3 Kf8 67. Nd6 h4 68. Nxf5 Kf7 69. Rh6 h3 70. Kg3 Rg2+ 71. Kxh3
Re2 72. Kg4 Rg2+ 73. Ng3 Kg7 74. Ra6 Rg1 75. f5 Kf8 76. Ra7 Re1 77. Kg5 Re7 78.
Rxe7 Kxe7 79. Kg6 1-0

[Event "Tournoi Skype 023A"]
[Site "Skype"]
[Date "????.??.??"]
[Round "3.19"]
[White "Mordaa, Ahmad"]
[Black "Aravena, Alvaro"]
[Result "0-1"]
[WhiteElo "1496"]
[BlackElo "1700"]
[PlyCount "74"]

1. e4 e6 2. d3 d5 3. Nd2 Nf6 4. e5 Nfd7 5. Ngf3 c5 6. g3 Nc6 7. Qe2 Qc7 8. Nb3
Ndxe5 9. Bf4 Nxf3+ 10. Qxf3 Bd6 11. Bxd6 Qxd6 12. Qg4 O-O 13. d4 cxd4 14. O-O-O
e5 15. Qe2 Bf5 16. g4 Bg6 17. a3 Rac8 18. h4 d3 19. Rxd3 Bxd3 20. Qxd3 e4 21.
Qe3 b5 22. Bxb5 Qb8 23. Ba4 Ne5 24. Kb1 Nxg4 25. Qd4 Rc4 26. Qxd5 Rxa4 27. Qd7
Nxf2 28. Rf1 Rc4 29. Rxf2 Rc7 30. Qg4 e3 31. Rg2 g6 32. h5 Qb6 33. h6 Re8 34.
Nd4 Rb7 35. b3 Qf6 36. Nf5 Rb5 37. Nd6 Qxd6 0-1

[Event "Tournoi Skype 023A"]
[Site "Skype"]
[Date "????.??.??"]
[Round "3.20"]
[White "Thoune, Jim"]
[Black "Galani, Mahendra"]
[Result "1/2-1/2"]
[WhiteElo "1674"]
[BlackElo "1469"]
[PlyCount "71"]

1. d4 d5 2. Nf3 Nf6 3. e3 Ne4 4. Nbd2 Bg4 5. c3 Nd7 6. Be2 f6 7. h3 Be6 8. Qb3
Nd6 9. O-O c5 10. dxc5 Nxc5 11. Bb5+ Kf7 12. Qb4 Rc8 13. Be2 a5 14. Qf4 Bf5 15.
Nd4 e5 16. Qf3 exd4 17. Qxd5+ Be6 18. Qxd4 Qc7 19. e4 Rd8 20. Qe3 Be7 21. f4 g6
22. b4 axb4 23. cxb4 Nd7 24. Bb2 Qc2 25. Bc3 Rc8 26. Rfc1 Qa4 27. Bd3 Nb5 28.
Bc2 Rxc3 29. Bxa4 Rxe3 30. Bxb5 Bxb4 31. Bxd7 Bxd7 32. Rc7 Ke7 33. Rd1 b6 34.
Rxd7+ Kxd7 35. Nc4+ Kc7 36. Nxe3 1/2-1/2

[Event "Tournoi Skype 023A"]
[Site "Skype"]
[Date "????.??.??"]
[Round "3.21"]
[White "Trivedi, Viral"]
[Black "Castillo, Jesus"]
[Result "1/2-1/2"]
[WhiteElo "1670"]
[BlackElo "1460"]
[PlyCount "29"]

1. d4 d5 2. Bf4 e6 3. e3 Bd6 4. Bg3 Nf6 5. Bd3 Nbd7 6. Nf3 Nf8 7. Ne5 c6 8. c3
Qc7 9. Nd2 Ng6 10. Ndf3 Nd7 11. Nxg6 hxg6 12. Bxd6 Qxd6 13. h3 Nf6 14. Ne5 Ne4
15. Qf3 1/2-1/2

[Event "Tournoi Skype 023A"]
[Site "Skype"]
[Date "????.??.??"]
[Round "3.22"]
[White "Le Brun, Yves"]
[Black "Martinez, Jose Abel"]
[Result "0-1"]
[WhiteElo "1488"]
[BlackElo "1664"]
[PlyCount "68"]

1. e4 e6 2. d3 d5 3. Nd2 c5 4. exd5 exd5 5. Ngf3 Nf6 6. h3 Bd6 7. Be2 O-O 8.
O-O Nc6 9. c3 Qc7 10. Re1 Re8 11. Nf1 h6 12. N3h2 Bf5 13. Ng4 Nxg4 14. hxg4 Bg6
15. g5 hxg5 16. Bxg5 d4 17. Bh5 a6 18. Bxg6 Rxe1 19. Bxf7+ Qxf7 20. Qxe1 Re8
21. Qd2 Qg6 22. Nh2 Bxh2+ 23. Kxh2 Re5 24. f4 Qh5+ 25. Kg3 Re2 26. Qc1 c4 27.
dxc4 d3 28. Qf1 Ne5 29. fxe5 Qxg5+ 30. Kh2 Qxe5+ 31. Kg1 Qe3+ 32. Kh2 Qe5+ 33.
Kg1 d2 34. Qf3 Re1+ 0-1

[Event "Tournoi Skype 023A"]
[Site "Skype"]
[Date "????.??.??"]
[Round "3.24"]
[White "Ramirez Reina, Orlando"]
[Black "Megelas, Florent"]
[Result "1-0"]
[WhiteElo "1432"]
[BlackElo "1643"]
[PlyCount "93"]

1. e4 e5 2. Nf3 Nc6 3. Bc4 Nf6 4. Ng5 d5 5. exd5 Nxd5 6. Nxf7 Kxf7 7. Qf3+ Ke8
8. Bxd5 Qf6 9. d3 Nd4 10. Qd1 c6 11. Bb3 Bc5 12. O-O Qg6 13. Kh1 Rf8 14. Be3
Bb6 15. Nd2 Be6 16. Bxe6 Nxe6 17. Ne4 Nf4 18. Bxf4 Rxf4 19. Qe2 Kf8 20. Ng3 Re8
21. Rae1 Qf7 22. Qh5 Qxh5 23. Nxh5 Rf7 24. f3 g6 25. Ng3 Kg7 26. Ne4 Rd8 27.
Ng5 Re7 28. f4 h6 29. Ne4 exf4 30. Rxf4 Rf8 31. Rxf8 Kxf8 32. g3 Kg7 33. Rf1
Re6 34. Kg2 Re7 35. h3 Bc7 36. g4 b6 37. Rf3 Rf7 38. Rxf7+ Kxf7 39. Kf3 Ke6 40.
c3 c5 41. b3 a5 42. a4 Ke5 43. Ke3 Ke6 44. d4 cxd4+ 45. cxd4 g5 46. Nc3 Bd8 47.
Ke4 1-0

[Event "Tournoi Skype 023A"]
[Site "Skype"]
[Date "????.??.??"]
[Round "3.25"]
[White "Mulrooney, Justin"]
[Black "Marino, Giuseppe"]
[Result "1-0"]
[WhiteElo "1637"]
[BlackElo "1374"]
[PlyCount "87"]

1. e4 e5 2. Nf3 d6 3. Bc4 Be7 4. h3 h6 5. c3 Nf6 6. O-O O-O 7. Re1 Re8 8. d4
exd4 9. cxd4 Bf8 10. Nc3 c6 11. Qb3 Re7 12. Bd2 Be6 13. e5 Bxc4 14. Qxc4 dxe5
15. dxe5 Nh7 16. Qg4 Re6 17. Ne4 Be7 18. Rad1 Qf8 19. Bc3 Na6 20. a3 Rd8 21.
Ned2 Ng5 22. Nxg5 Bxg5 23. f4 Be7 24. f5 Bc5+ 25. Kh1 Ree8 26. f6 Re6 27. Ne4
Rxd1 28. Rxd1 Kh8 29. b4 Bb6 30. Nd6 gxf6 31. Nxb7 fxe5 32. Qf5 Bc7 33. Rd7 Kg8
34. a4 Qg7 35. b5 Rf6 36. Qb1 Rf2 37. Qg1 Qf6 38. Rd1 cxb5 39. axb5 Nb8 40. Nc5
Qf5 41. Nd3 Bb6 42. Nxf2 Bxf2 43. Qf1 e4 44. Bd4 1-0

[Event "Tournoi Skype 023A"]
[Site "Skype"]
[Date "????.??.??"]
[Round "3.27"]
[White "Aranzubia, Desiderio"]
[Black "Sepulveda, Lyda Marcela"]
[Result "0-1"]
[WhiteElo "1506"]
[BlackElo "1649"]
[PlyCount "48"]

1. d4 d5 2. c4 c6 3. Nc3 Nf6 4. Bg5 e6 5. e3 Be7 6. cxd5 exd5 7. a3 O-O 8. Nf3
Nbd7 9. Bd3 h6 10. Bh4 Re8 11. h3 Nh5 12. Bxe7 Qxe7 13. b4 Nf4 14. O-O Nxd3 15.
Qxd3 a6 16. Rab1 Nf8 17. a4 g6 18. b5 Bf5 19. e4 dxe4 20. Qe3 exf3 21. Qxe7
Rxe7 22. Rbe1 Rxe1 23. Rxe1 fxg2 24. Kxg2 Ne6 0-1

[Event "Tournoi Skype 023A"]
[Site "Skype"]
[Date "????.??.??"]
[Round "3.28"]
[White "Bendre, Pankaj"]
[Black "Khetre, Gaurav"]
[Result "1/2-1/2"]
[WhiteElo "1540"]
[BlackElo "1742"]
[PlyCount "50"]

1. d4 d5 2. e3 Nf6 3. c3 c5 4. Nf3 Bg4 5. Nbd2 e6 6. Qa4+ Nbd7 7. Ne5 Bh5 8.
Bd3 Bd6 9. Nef3 O-O 10. O-O Qc7 11. h3 e5 12. dxe5 Nxe5 13. Nxe5 Bxe5 14. Re1
Rad8 15. c4 d4 16. e4 Bg6 17. Qc2 Bh2+ 18. Kh1 Bf4 19. Nf3 Rfe8 20. Nh4 Be5 21.
Bg5 Bf4 22. Bxf6 gxf6 23. a3 Bg5 24. Nf3 a5 25. Nxg5 fxg5 1/2-1/2

[Event "Tournoi Skype 023A"]
[Site "Skype"]
[Date "????.??.??"]
[Round "3.29"]
[White "Sauvaget, Joel"]
[Black "Fernandez Cabello, Emilio"]
[Result "0-1"]
[WhiteElo "1548"]
[BlackElo "1646"]
[PlyCount "48"]

1. Nf3 e6 2. c4 Nf6 3. g3 d5 4. cxd5 exd5 5. Bg2 c6 6. O-O Bd6 7. d4 O-O 8. b3
Ne4 9. Bb2 Nd7 10. e3 Ndf6 11. Nc3 Nxc3 12. Bxc3 Ne4 13. Bb2 f5 14. Qe2 Bd7 15.
Rfc1 Qe7 16. a3 g5 17. Ne5 Be6 18. Bxe4 fxe4 19. g4 Bxe5 20. dxe5 Rf3 21. Qf1
Bxg4 22. a4 Bh3 23. Qe1 Qe6 24. Ba3 Qg4+ 0-1

[Event "Tournoi Skype 023A"]
[Site "Skype"]
[Date "????.??.??"]
[Round "3.30"]
[White "Salazar Ticeran, Antonio"]
[Black "Gharbi, Said"]
[Result "1-0"]
[WhiteElo "1612"]
[BlackElo "1541"]
[PlyCount "127"]

1. e4 e5 2. Nf3 Nf6 3. Nc3 Bb4 4. a3 Bxc3 5. dxc3 Nxe4 6. Qd5 Nf6 7. Qxe5+ Qe7
8. Bg5 Qxe5+ 9. Nxe5 Ne4 10. Be3 d6 11. Nf3 O-O 12. O-O-O Nc6 13. Bd3 Re8 14.
Rhe1 Bg4 15. h3 Bxf3 16. gxf3 Nf6 17. Bg5 Nd5 18. Rxe8+ Rxe8 19. Be4 Nde7 20.
Bxe7 Rxe7 21. Bxc6 bxc6 22. Rd2 Re5 23. a4 Rh5 24. Rd3 Rxh3 25. f4 Rh1+ 26. Kd2
Ra1 27. b3 h5 28. f5 f6 29. Rh3 Rf1 30. Ke2 Rc1 31. Kd3 Rf1 32. Ke2 Rg1 33.
Rxh5 Rg5 34. Rxg5 fxg5 35. Kf3 Kh7 36. Kg4 Kh6 37. c4 c5 38. c3 c6 39. f6 gxf6
40. Kf5 Kg7 41. Ke6 d5 42. cxd5 cxd5 43. Kxd5 f5 44. Kxc5 f4 45. Kd4 Kf6 46.
Ke4 Kg6 47. f3 Kh5 48. Kf5 Kh4 49. c4 g4 50. c5 g3 51. c6 g2 52. c7 g1=Q 53.
c8=Q Qg5+ 54. Ke4 Qe7+ 55. Kxf4 Qf7+ 56. Qf5 Qc7+ 57. Qe5 Qc1+ 58. Kf5 Qg5+ 59.
Ke4 Qg6+ 60. Ke3 Qb6+ 61. Qd4+ Kh3 62. Qxb6 axb6 63. b4 Kh4 64. a5 1-0